Lenguaje, conocimiento y educacin̤ superior en la globalizacin̤

Detalles Bibliográficos
Autor principal: Restrepo-Vels̀quez, Carlos Julio
Formato: eBook
Lenguaje:español
Publicado: Medelln̕: Universidad Cooperativa de Colombia, 2020
Materias:
Acceso en línea:Acceso restringido

MARC

LEADER 00000nam a22000007a 4500
005 20210519232150.0
007 cr|||| ||||
008 210519s2020 co |||||s|||| 00||0 spa d
020 |a 978-958-760-283-8 
035 |a 33522 
040 |a vLex 
090 |c 11746  |d 11746 
100 1 |a Restrepo-Vels̀quez, Carlos Julio 
245 1 0 |a Lenguaje, conocimiento y educacin̤ superior en la globalizacin̤  |h [Recurso electrn̤ico] /  |c Carlos Julio Restrepo-Vels̀quez 
256 |a Servicio en ln̕ea 
260 |a Medelln̕:  |b Universidad Cooperativa de Colombia,  |c 2020 
300 |a 1 recurso electrn̤ico 
500 |a Este libro ofrece una visin̤, antes que una definicin̤, de conocimiento; una visin̤ que ocurre con exaltacin̤ y se experimenta durante la lectura de este libro, un poco como funciona la mente, de manera inesperada. El lenguaje, la comunicacin̤, el idioma, el habla, la geopolt̕ica, la economa̕, la ciencia, la tecnologa̕: todo ello es fuente, causa y efecto del conocimiento. Y, entre ln̕eas, aparece aqu ̕una propuesta de definicin̤ transitoria, ya que es un proceso continuo. A esto hay que agregarle el uso que le damos a las palabras en un sentido metafr̤ico en la conversacin̤ cotidiana, en las exposiciones formales o en los programas de televisin̤, que realmente no develan el conocimiento, sino que lo ocultan. Esto nos lleva a pensar autocrt̕icamente sobre el uso que hacemos de la palabra. Asimismo, el concepto de humanidades, como piedra angular de la calidad educativa, se aprecia claramente en este volumen, en el que se expone los conceptos clave del Modelo Educativo Crt̕ico con Enfoque de Competencias. Este modelo no deja de generar algunas polm̌icas que podra̕n debatirse en pb︢lico, como la unificacin̤ de un modelo educativo o su crt̕ica a las consecuencias de la prs̤pera y ponderada industria del entretenimiento en el pensamiento crt̕ico. 
506 1 |a Disponible solo en los productos indicados  |d vLex Global  |d vLex Global (Academic Edition, excluding Law Schools)  |d vLex Global (U.S. Academic Edition, Law Schools)  |d vLex Global (U.S. Academic Edition, excluding Law Schools)  |d vLex Global (Academic Edition, Law Schools) 
650 0 4 |a Educacin̤  |z Colombia 
740 0 |a vLex Libros (Servicio en ln̕ea) 
856 4 0 |u https://vlex.com/source/lenguaje-conocimiento-y-educacion-superior-en-la-globalizacion-33522  |z Acceso restringido 
942 |c BOOK 
999 0 |a Education